Hind Swaraj or Indian home rule / (Record no. 57973)

MARC details
000 -LEADER
fixed length control field 00770nam a22002177a 4500
005 - DATE AND TIME OF LATEST TRANSACTION
control field 20111102115627.0
010 ## - LCCN (DPL NO)
LC control number G-001586
020 ## - INTERNATIONAL STANDARD BOOK NUMBER
Terms of availability 80.00
International Standard Book Number 9788186198506
035 1d - SYSTEM CONTROL NUMBER
System control number G-001586
037 ## - SOURCE OF ACQUISITION
Source of stock number/acquisition Gift
082 ## - DEWEY DECIMAL CLASSIFICATION NUMBER
Classification number 954.0841
100 ## - MAIN ENTRY--PERSONAL NAME
Personal name Gandhi, M.K.
245 ## - TITLE STATEMENT
Title Hind Swaraj or Indian home rule /
Statement of responsibility, etc by M.K. Gandhi
260 ## - PUBLICATION, DISTRIBUTION, ETC. (IMPRINT)
Place of publication, distribution, etc New Delhi
Name of publisher, distributor, etc Gandhi Hindustani Sahitya Sabha
Date of publication, distribution, etc 2009
270 ## - ADDRESS
Address Gandhi Hindustani Sahitya Sabha, Rajghat,
City New Delhi
Postal code 110002
300 ## - PHYSICAL DESCRIPTION
Extent 114p.
Dimensions 24cm(Hb)
500 ## - GENERAL NOTE
General note Includes index
942 ## - ADDED ENTRY ELEMENTS (KOHA)
Source of classification or shelving scheme Dewey Decimal Classification
Item type English Books
Classification part 954.0841
Call number suffix GAN
Holdings
Withdrawn status Lost status Not for loan Collection code Home library Current library Date acquired Source of acquisition Cost, normal purchase price Full call number Barcode Copy number Cost, replacement price Koha item type
      Non-fiction Janak Puri Janak Puri 02/11/2011 gift 80.00 954.0841 GAN G-001586 1 80.00 English Books

© Delhi Public Library
Hit Counter
free hit counter